Every Track Dale Earnhardt Has Won At - Statistics

General Stats
  • This quiz has been taken 16 times
  • The average score is 11 of 17
Answer Stats
Times Won Answer % Correct
9 Bristol
100%
3 Daytona
93%
10 Talladega
93%
9 Atlanta
80%
5 Charlotte
73%
6 Martinsville
73%
1 Phoenix
67%
1 Sonoma
67%
2 Michigan
60%
5 Richmond
60%
9 Darlington
53%
2 Pocono
53%
3 Rockingham
53%
3 Dover
47%
1 Indianapolis
47%
5 North Wilkesboro
33%
2 Nashville
27%
No matching quizzes found
Score Distribution
Percent of People with Each Score
Percentile by Number Answered
Your Score History
You have not taken this quiz